Teuerste Abgänge von Paris St. Germain - Statistiken

Allgemein
  • Dieses Quiz wurde 30 mal gespielt
  • Das Durchschnittsergebnis liegt bei 3 aus 15
Antwortstatistiken
Hint Antwort % Korrekt
1 Neymar
96%
6 David Luiz
36%
4 Marco Verratti
32%
15 Christopher Nkunku
20%
7 Ronaldinho
20%
2 Xavi Simons
16%
8 Lucas Moura
12%
10 Serge Aurier
12%
13 Giovanni Lo Celso
8%
12 Javier Pastore
8%
5 Goncalo Guedes
4%
3 Manuel Ugarte
4%
14 Arnaud Kalimuendo
0%
9 Blaise Matudi
0%
11 Yuri Berchiche
0%
Keine übereinstimmenden Quizze gefunden
Verteilung der Resultate
Anzahl Personen mit jedem Resultat
Perzentil nach korrekt beantworteten Fragen
Ihre Resultats-Entwicklung
Sie haben dieses Quiz noch nicht gespielt